000 00938nam a2200229Ia 4500
003 Ost
005 20260507075503.0
008 260507s9999||||xx |||||||||||||| ||und||
020 _a9961008294
040 _cfsecg
041 _aara
082 _a336.2
100 _aبوزيدة، حميد
_eمؤلف
245 0 _aجباية المؤسسات :
_bدراسة تحليلية في النظرية العامة للضريبة-الرسم على القيمة المضافة:دراسة نظرية وتطبيقية /
_c حميد بوزيدة
250 _aطبعة 2
260 _aالجزائر:
_bديوان المطبوعات الجامعية,
_c2007
300 _a181 صفحة؛
_bإيضاحات ؛
_c22 سم
504 _aببليوغرافيا:ص ص.177-181
520 _aالإطار النظري للضريبة،الرسم على القيمة المضافة:دراسة نظرية
653 _aالضرائب
942 _cكتاب
999 _c44703
_d44703